| 000 | 00917nam a2200265 i 4500 | ||
|---|---|---|---|
| 003 | EG-ScBUE | ||
| 005 | 20250525122322.0 | ||
| 008 | 090607t20071989ii a f b 001 0 eng d | ||
| 020 | _a8122401317 | ||
| 020 | _a9878122401316 | ||
| 040 |
_aEG-ScBUE _beng _erda _cEG-ScBUE _dEG-ScBUE |
||
| 082 | 0 | 4 |
_222 _a533.2 _bHUS |
| 100 | 1 |
_aHussain, Zoeb, _eauthor. |
|
| 245 | 1 | 0 |
_aGas dynamics through problems / _cZoeb Husain, M.J. College of Engineering & Technology, Hyderabad, India. |
| 250 | _aReprinted edition. | ||
| 264 | 1 |
_aNew Delhi : _bNew Age International (P) Limited, Publishers, _c2007. |
|
| 300 |
_axi, 190 pages : _billustrations, tables ; _c23 cm |
||
| 336 |
_2rdacontent _atext _btxt |
||
| 337 |
_aunmediated _2rdamedia _bn |
||
| 338 |
_avolume _bnc _2rdacarrier |
||
| 504 | _aIncludes bibliographical references and index. | ||
| 650 | 7 |
_aNatural gas. _2BUEsh |
|
| 655 | _vReading book | ||
| 942 |
_2ddc _cBB |
||
| 999 |
_c11761 _d11761 |
||